[Event "Clark Harmon Memorial 7th"]
[Site "Portland"]
[Date "2013.04.14"]
[Round "5"]
[White "Berger, Brian F"]
[Black "Pietrantonio, Dean Andrew Di"]
[Result "1-0"]
[WhiteElo "1587"]
[BlackElo "1063"]
[PlyCount "89"]
[EventDate "2013.04.13"]
[EventType "swiss"]
[EventRounds "5"]
[EventCountry "USA"]
[SourceTitle "EXT 2017"]
[Source "ChessBase"]
[SourceDate "2016.10.25"]
[SourceVersion "1"]
[SourceVersionDate "2016.10.25"]
[SourceQuality "1"]

1. e4 Nf6 2. Nc3 g6 3. d4 Bg7 4. e5 Ng8 5. Bc4 e6 6. Nf3 Ne7 7. Bg5 Nbc6 8. Qd2 Na5 9. Bd3 h6 10. Bh4 Nac6 11. 0-0-0 Rf8 12. g4 d5 13. g5 h5 14. a3 Nf5 15. Bxf5 exf5 16. Rhe1 Be6 17. Na4 b6 18. Qc3 Qd7 19. b3 Na5 20. Bg3 Rg8 21. Bf4 Bf8 22. Kb2 Qe7 23. Ra1 Qd7 24. h4 Be7 25. Red1 Kf8 26. Ne1 Kg7 27. Nd3 Nb7 28. Bg3 Rgc8 29. Nf4 Kh8 30. Qf3 c6 31. Rg1 Kg8 32. Nxh5 Qc7 33. Nf6+ Bxf6 34. gxf6 c5 35. h5 cxd4 36. Rac1 Nc5 37. Nxc5 bxc5 38. hxg6 Rab8 39. Qh5 fxg6 40. Qxg6+ Kf8 41. Rh1 Qf7 42. Rh8+ Qg8 43. Rxg8+ Bxg8 44. Qg7+ Ke8 45. Qe7# 1-0